| 000 | 00645nam a22001937a 4500 | ||
|---|---|---|---|
| 999 |
_c17271 _d17271 |
||
| 003 | AR-CdUCM | ||
| 008 | 190507b ||||| |||| 00| 0 spa d | ||
| 040 |
_aMUNICIPALIDAD PROVINCIAL DEL CUSCO _cBIBLIOTECA MUNICIPAL DEL CUSCO |
||
| 082 |
_a910.411 / _bC25 _26 ed. |
||
| 100 |
_aCaparó A., José David e hijo. _937171 |
||
| 245 |
_aGuia : _bAuxiliar manual de la ciudad de Arequipa / |
||
| 260 |
_aArequipa : _bEditorial universitaria, _c1970 - 1971. |
||
| 300 |
_a280 páginas ; _c17 cm. |
||
| 505 | _aContenido :Guia ... | ||
| 650 |
_aArequipa. _91703 |
||
| 650 |
_aCiudad blanca. _937172 |
||
| 942 |
_2ddc _cLIBROS |
||
| 945 |
_arum _d2019-05-07 |
||